La liturgia del espacio : Casarabonela : un pueblo aljamiado /

En un lenguaje claro y ameno, el profesor de Antropología Social en la Universidad Complutense, nos describe el espacio como un lenguaje, y por ello mismo, como susceptible de ser interpretado histórica, social y culturalmente hasta ofrecer una concepción del ser humano que articula los comportamien...

Full description

Bibliographic Details
Main Author: Sánchez Pérez, Francisco
Format: Libro
Language:Spanish
Published: Madrid Nerea 1990
Subjects:
Online Access:

MARC

LEADER 00000cam a2200000 a 4500
001 019469
003 UAHC_CL
005 20170803121746.0
008 090320s1990 sp 000 spa
020 |a 8486763304 
040 |a UAHC_CL  |c UAHC_CL  |d UAHC_CL 
082 0 4 |a 720.1  |b S194  |2 20 
100 1 |a Sánchez Pérez, Francisco 
245 1 3 |a La liturgia del espacio :  |b Casarabonela : un pueblo aljamiado /  |c Francisco Sánchez Pérez ; prólogo de María Cátedra. 
260 |b Nerea  |a Madrid  |c 1990 
300 |a 201 p. 
520 |a En un lenguaje claro y ameno, el profesor de Antropología Social en la Universidad Complutense, nos describe el espacio como un lenguaje, y por ello mismo, como susceptible de ser interpretado histórica, social y culturalmente hasta ofrecer una concepción del ser humano que articula los comportamientos diarios de los hombres y mujeres del pueblo de Casarabonela.. Tras una detallada descripción de los elementos de las distintas configuraciones espaciales (habitaciones, casa, vecindario, barrio, el pueblo, entorno geográfico), el autor analiza los comportamientos masculinos y femeninos en entornos tan diversos de esta bella localidad de Casarabonela. 
521 |a Ciudad y literatura 
650 4 |a ESPACIO EN LA ARQUITECTURA  |z ESPAÑA  |z CASARABONELA 
650 4 |a ANTROPOLOGIA CULTURAL Y SOCIAL  |z ESPAÑA  |z CASARABONELA 
650 4 |a ARQUITECTURA Y SOCIEDAD  |z ESPAÑA  |z CASARABONELA 
653 |a SOCIOLOGIA 
653 |a ANTROPOLOGIA 
658 |a Santa Cruz, Guadalupe 
900 |a 720.1 SAN 
942 |c BK 
952 |0 0  |1 0  |4 0  |6 720_100000000000000_SAN  |7 0  |8 General  |9 39022  |a BC  |b BC  |c General  |d 2017-08-03  |l 0  |o 720.1 SAN  |p 1369962  |r 2026-01-19 00:00:00  |t 1  |w 2017-08-03  |y BK  |z Fotocopia 
999 |c 19469  |d 19469